| 000 | 00996nam a22003135a 4500 | ||
|---|---|---|---|
| 001 | 015894638 | ||
| 003 | OSt | ||
| 005 | 20150823145129.0 | ||
| 008 | 110913r20121960paua frb 001 0 eng d | ||
| 020 | _a9780323081085 | ||
| 040 |
_aEG-ScBUE _beng _cEG-ScBUE |
||
| 082 | 0 | 4 |
_a617.695 _bCRA _222 |
| 245 | 0 | 0 |
_aCraig's restorative dental materials / _cedited by Ronald L. Sakaguchi, John M. Powers. |
| 246 | 3 | 0 | _aDental materials |
| 250 | _a13th ed. | ||
| 260 |
_aPhiladelphia : _bElsevier, _c2012. |
||
| 300 |
_axvi, 400 p. : _bill. (col.) ; _c26 cm. |
||
| 500 | _aIndex : p. 389-400. | ||
| 504 | _aIncludes bibliographical references. | ||
| 590 | _aDoha | ||
| 650 | 0 |
_aDental materials. _930155 _2BUEsh |
|
| 651 | _2BUEsh | ||
| 653 |
_cJune2012 _cJanuary2013 _cJanuary2014 _bDDent |
||
| 655 |
_vtext book _933728 |
||
| 700 | 1 |
_aPowers, John M., _930159 _d1946- _eeditor. |
|
| 700 | 1 |
_aSakaguchi, Ronald L. _930162 _eeditor. |
|
| 541 | _aDonation from Baccah | ||
| 942 |
_2ddc _cDN _k617.695 CRA |
||
| 999 |
_c16775 _d16775 |
||